Lead and zinc into the 80's : an international conference : report on proceedings 14 to 16 June 1977 /

Saved in:
Bibliographic Details
Corporate Authors: Lead Development Association, Zinc Development Association (Great Britain), International Lead Conference
Format: Conference Proceeding Book
Language:English
Published: [London] : [Zinc Development Association] : [Lead Development Association], [1977].
Subjects:
LEADER 01441cam a2200313 a 4500
001 c000292431
003 CARM
005 20090604083558.0
008 801023s1977 enkac 100 0 eng
015 |a GB79-03751 
019 1 |a 1844578  |z 4123388  |5 LACONCORD2021 
035 |a (OCoLC)6942809  |5 LACONCORD2021 
040 |a LC  |b eng  |c LC  |d LC 
050 4 |a TA480.L4  |b L36 
082 0 4 |a 669/.4  |2 19 
245 0 0 |a Lead and zinc into the 80's :  |b an international conference : report on proceedings 14 to 16 June 1977 /  |c organised by Zinc Development Association, Lead Development Association. 
246 1 4 |a Lead and zinc into the 80's :  |b an international conference : report on proceedings 14 to 16 June 1977. 
260 |a [London] :  |b [Zinc Development Association] : [Lead Development Association],  |c [1977]. 
300 |a [1], 115 p. :  |b ill., ports. ;  |c 30 cm. 
500 |a Cover title. 
500 |a "Incorporating the sixth International Lead Conference." 
650 0 |a Lead  |x Congresses. 
650 0 |a Zinc  |x Congresses. 
710 2 |a Lead Development Association. 
710 2 |a Zinc Development Association (Great Britain) 
711 2 |a International Lead Conference  |n (6th :  |d 1977 :  |c London, England) 
852 8 |b CARM  |h A3:AE38C0  |i F06603  |p 0516650  |f BK 
999 f f |i 1dbbba2c-9d5a-50a7-a953-4cfa6552bf0a  |s 12dc59b7-4524-5c6c-89f3-bdd8faa1927b 
952 f f |p Can circulate  |a CAVAL  |b CAVAL  |c CAVAL  |d CARM 1 Store  |e F06603  |f A3:AE38C0  |h Other scheme  |i book  |m 0516650